Lego Marvel Superheroes All Characters - Statistics

General Stats
  • This quiz has been taken 279 times
  • The average score is 55 of 145
Answer Stats
Hint Answer % Correct
. Iron Man
96%
Spider-Man
95%
Captain America
93%
Hulk
93%
Thor
87%
Black Widow
81%
The Thing
81%
Wolverine
81%
Human Torch
80%
Mr Fantastic
79%
Hawkeye
78%
Invisible Woman
75%
Magneto
75%
Venom
73%
Cyclops
70%
Doctor Doom
69%
Loki
69%
Deadpool
66%
Nick Fury
64%
Galactus
63%
Green Goblin
63%
Beast
62%
Jean Grey
62%
Storm
62%
Carnage
61%
Sandman
61%
Doctor Octopus
60%
Professor X
60%
Daredevil
58%
Groot
58%
Iceman
58%
Red Hulk
58%
Star Lord
58%
Black Panther
56%
Abomination
55%
Ant-Man
55%
Gamora
55%
Doctor Strange
54%
Drax
52%
Silver Surfer
52%
Stan Lee
52%
Odin
51%
Red Skull
51%
Thanos
51%
Mystique
49%
Electro
46%
Maria Hill
46%
Wasp
46%
Ghost Rider
45%
Rocket Raccoon
45%
War Machine
44%
Winter Soldier
43%
Juggernaut
42%
Sabretooth
42%
Elektra
40%
Kingpin
40%
Falcon
39%
Punisher
39%
She Hulk
39%
Aunt May
37%
Colossus
37%
Gambit
37%
M.O.D.O.K
37%
Vulture
37%
Dormammu
36%
Iron Fist
36%
Mandarin
35%
Mysterio
35%
Rhino
34%
Pyro
33%
Heimdall
32%
A-Bomb
31%
Blade
31%
Toad
31%
Bullseye
29%
Captain Britain
29%
Malekith
29%
Blob
28%
Howard The Duck
28%
J.Jonah Jameson
28%
Psylocke
28%
Arnim Zola
27%
Coulson
27%
Gwen Stacy
27%
Leader
27%
Mary Jane Watson
27%
Shocker
27%
Squirrel Girl
27%
Whiplash
27%
Emma Frost
26%
Spider-Woman
26%
Absorbing Man
25%
Aldrich Killian
25%
Jane Foster
25%
Moon Knight
25%
Power Man
25%
Kraven The Hunter
24%
AIM Agent
23%
Black Bolt
23%
Doombot
23%
Laufey
23%
Nightmare
23%
Black Cat
22%
Ms Marvel
22%
Dark Phoenix
21%
H.E.R.B.I.E
21%
Rescue
21%
SHIELD Agent
21%
Kurse
20%
Super Skrull
20%
Archangel
19%
Mastermind
19%
Nova
19%
Volstagg
19%
Hulkbuster
18%
Taskmaster
18%
Destroyer
17%
Polaris
17%
Sandman Goon
17%
Wizard
17%
Beetle
16%
Curt Connors
16%
Fandral
16%
Lady Sif
16%
Superior Spider-Man
15%
Hogun
14%
Frost Giant
13%
Hydra Agent
13%
Symbiote Scientist
13%
Symbiote Spiderman
13%
Beta Ray Bill
12%
Lady Liberty
12%
Magneto Acolyte
12%
Damage Control
11%
Ronan The Accuser
11%
Silver Samurai
11%
Viper
11%
Kingpin Henchmen
10%
Doombot V
8%
Union Jack
8%
Green Goblin Ultimate
7%
Havoc
7%
Mini Sentinel
7%
Roxxon Guard
7%
Symbiote Hazmat
5%
No matching quizzes found
Score Distribution
Percent of People with Each Score
Percentile by Number Answered
Your Score History
You have not taken this quiz